Normal view
MARC view
- زرمان، محمد عبدالله
Entry Personal Name
001 - CONTROL NUMBER
- control field: 11308
003 - CONTROL NUMBER IDENTIFIER
- control field: JO-AjAnu
005 - DATE AND TIME OF LATEST TRANSACTION
- control field: 20230606072121.0
008 - FIXED-LENGTH DATA ELEMENTS
- fixed length control field: 230606|| aca||aabn | a|a d
040 ## - CATALOGING SOURCE
- Original cataloging agency: JO-AjAnu
- Transcribing agency: JO-AjAnu
100 ## - HEADING--PERSONAL NAME
- Personal name: زرمان، محمد عبدالله
670 ## - SOURCE DATA FOUND
- Source citation: Work cat.: (JO-AjAnu)5824: زرمان، محمد عبدالله, author, الثقافة العربية الإسلامية وتجربة التفاعل مع الآخر